|
|
|
|
| LEADER |
01159nam a2200265 a 4500 |
| 001 |
3013621 |
| 008 |
00112s1994 caua b 001 0 eng d |
| 010 |
|
|
|a 94010317
|
| 020 |
|
|
|a 080395705X
|
| 020 |
|
|
|a 0803957068 (pbk.)
|
| 040 |
|
|
|a DLC
|c DLC
|d DLC
|d BD-DhAAL
|
| 082 |
0 |
0 |
|a 362.1/072
|2 20
|
| 245 |
0 |
0 |
|a Disseminating research, changing practice /
|c edited by Earl V. Dunn ... [et al.].
|
| 260 |
|
|
|a Thousand Oaks, Calif. :
|b Sage Publications,
|c c1994.
|
| 300 |
|
|
|a xvi, 245 p. :
|b ill. ;
|c 23 cm.
|
| 490 |
|
0 |
|a Research methods for primary care ;
|v v. 6
|
| 504 |
|
|
|a Includes bibliographical references and index.
|
| 541 |
1 |
|
|e 00007194
|
| 650 |
|
0 |
|a Primary care (Medicine)
|x Research.
|
| 650 |
|
0 |
|a Communication in medicine.
|
| 700 |
1 |
|
|a Dunn, Earl V.
|
| 852 |
4 |
|
|a Ayesha Abed Library
|j General Shelf.
|
| 999 |
|
|
|c 6951
|d 6951
|
| 952 |
|
|
|0 0
|1 0
|2 ddc
|4 0
|6 362_107200000000000_DIS_1994
|7 0
|9 7186
|a BRACUL
|b BRACUL
|c GEN
|d 2010-01-13
|l 0
|o 362.1072 DIS
|p 3010007194
|r 2010-01-13
|t 1
|w 2010-01-13
|y BK
|
| 952 |
|
|
|0 0
|1 0
|2 ddc
|4 0
|6 362_107200000000000_DIS
|7 0
|9 53529
|a SCL
|b SCL
|c GEN
|d 2015-04-22
|e Gift: The Asia Foundation
|l 0
|o 362.1072 DIS
|p 3020001761
|r 2015-04-22
|t 2
|w 2015-04-22
|y BK
|